Ciencias del estrés : confluencia de las neurociencias con la psicoinmunoendocrinología /

Furkejuvvon:
Bibliográfalaš dieđut
Váldodahkki: Cólica, Pablo R. (autor.)
Eará dahkkit: López Rosetti, Daniel (prologuista.), Cardinali, Daniel P. (prologuista.)
Materiálatiipa: E-girji
Giella:espánnjágiella
Almmustuhtton: Córdoba : Editorial Brujas, 2025.
Preanttus:2a. edición corregida y aumentada.
Fáttát:
Liŋkkat:https://elibro.unach.elogim.com/es/lc/unach/titulos/288690
Fáddágilkorat: Lasit fáddágilkoriid
Eai fáddágilkorat, Lasit vuosttaš fáddágilkora!

MARC

LEADER 00000nam a2200000 i 4500
001 ELB288690
003 FINmELB
005 20251022114843.0
006 m o u
007 cr cn|||||||||
008 251022s2025 ag ob 000 0 spa d
020 |z 9789877605945 
020 |a 9789877605969  |q (e-book) 
035 |a (OCoLC)1553197469 
040 |a FINmELB  |b spa  |e rda  |c FINmELB 
050 4 |a BF575.S75  |b C636 2025 
080 |a 613.73 
082 0 4 |a 155.9042  |2 23 
100 1 |a Cólica, Pablo R.,  |e autor. 
245 1 0 |a Ciencias del estrés :  |b confluencia de las neurociencias con la psicoinmunoendocrinología /  |c Pablo R. Cólica ; prólogo de Daniel López Rosetti, Daniel P. Cardinali. 
250 |a 2a. edición corregida y aumentada. 
264 1 |a Córdoba :  |b Editorial Brujas,  |c 2025. 
300 |a 1 recurso en línea (314 páginas) 
336 |a texto  |b txt  |2 rdamedia/spa 
337 |a computadora  |b c  |2 rdamedia/spa 
338 |a recurso en línea  |b cr  |2 rdacarrier/spa 
504 |a Contiene bibliografía. 
588 |a Descripción basada en metadatos suministrados por el editor y otras fuentes. 
590 |a Recurso electrónico. Santa Fe, Arg.: elibro, 2025. Disponible vía World Wide Web. El acceso puede estar limitado para las bibliotecas afiliadas a elibro. 
650 4 |a Estrés (Psicología) 
655 4 |a Libros electrónicos. 
700 1 |a López Rosetti, Daniel,  |e prologuista. 
700 1 |a Cardinali, Daniel P.,  |e prologuista. 
797 2 |a elibro, Corp. 
856 4 0 |u https://elibro.unach.elogim.com/es/lc/unach/titulos/288690